[Event "Erandio op 28th"]
[Site "Erandio"]
[Date "2019.12.18"]
[Round "5"]
[White "Martin Ibisate, Xabier"]
[Black "Starostits, Ilmars"]
[Result "0-1"]
[WhiteElo "1897"]
[BlackElo "2492"]
[PlyCount "64"]
[EventDate "2019.12.14"]
[EventType "swiss"]
[EventRounds "8"]
[EventCountry "ESP"]
[SourceTitle "CBM 194 Extra"]
[Source "ChessBase"]
[SourceDate "2020.03.31"]
[SourceVersion "1"]
[SourceVersionDate "2020.03.31"]
[SourceQuality "1"]

1. e4 c5 2. Nf3 Nc6 3. d4 cxd4 4. Nxd4 Qb6 5. Nb3 Nf6 6. Nc3 e6 7. Be3 Qc7 8. a3 a6 9. g3 Ne5 10. Bf4 d6 11. Bxe5 dxe5 12. Bg2 b5 13. 0-0 Bb7 14. Qe2 Be7 15. Rfd1 0-0 16. Rd3 Rad8 17. Rad1 Rxd3 18. Rxd3 h6 19. a4 b4 20. Na2 Bc6 21. c3 Bxa4 22. Qd1 a5 23. cxb4 axb4 24. Qd2 Ra8 25. Nbc1 Bc2 26. Re3 Rd8 27. Nd3 Ng4 28. Rf3 Bxd3 29. Rxd3 Rxd3 30. Qxd3 Qa7 31. Qd2 Nxf2 32. Qxf2 Bc5 0-1

[Event "Getxo op 4th"]
[Site "Getxo"]
[Date "2019.09.15"]
[Round "9"]
[White "Prieto Aranguren, Alain"]
[Black "Martin Ibisate, Xabier"]
[Result "1/2-1/2"]
[WhiteElo "2289"]
[BlackElo "1831"]
[PlyCount "120"]
[EventDate "2019.09.08"]
[EventType "swiss"]
[EventRounds "9"]
[EventCountry "ESP"]
[SourceTitle "EXT 2021"]
[Source "ChessBase"]
[SourceDate "2020.10.23"]
[SourceVersion "1"]
[SourceVersionDate "2020.10.23"]
[SourceQuality "1"]

1. d4 d5 2. c4 e6 3. cxd5 exd5 4. Nc3 Nf6 5. Bg5 Be7 6. e3 0-0 7. Bd3 c6 8. Nf3 Ne4 9. Bxe7 Qxe7 10. 0-0 Bg4 11. Be2 Nd7 12. h3 Bh5 13. Rc1 Qb4 14. Qc2 Ndf6 15. a3 Qd6 16. Na4 Nd7 17. b4 a6 18. Nc5 Nexc5 19. bxc5 Qc7 20. Qb3 f5 21. Rc3 f4 22. e4 Nf6 23. e5 Ne4 24. Rc2 Rac8 25. Re1 Qf7 26. Nh2 Ng5 27. Bxh5 Qxh5 28. Rc3 Rc7 29. Qd1 Qg6 30. Qb1 Qh5 31. Qd1 Qg6 32. Kh1 Rcf7 33. f3 h5 34. Rb3 Ne6 35. Qd3 Qxd3 36. Rxd3 Re7 37. Nf1 g5 38. Nd2 Rff7 39. Kg1 Ng7 40. Kf2 Nf5 41. Nf1 Kh7 42. Re2 Kg6 43. Ke1 Ng3 44. Nxg3 fxg3 45. Kd2 Kf5 46. Kc3 Ke6 47. Kb4 Kd7 48. Ka5 Kc7 49. e6 Rf5 50. Kb4 Rf6 51. Rde3 g4 52. fxg4 hxg4 53. Rxg3 gxh3 54. gxh3 Rfxe6 55. Rxe6 Rxe6 56. Kc3 Re7 57. h4 Rh7 58. Rh3 Kd7 59. a4 Ke6 60. h5 Kf5 1/2-1/2

[Event "Bizkaia-ch U18"]
[Site "Spain"]
[Date "2019.01.03"]
[Round "?"]
[White "Zoco Gallardo, Ignacio"]
[Black "Martin Ibisate, Xabier"]
[Result "0-1"]
[WhiteElo "1911"]
[BlackElo "1888"]
[PlyCount "66"]
[EventDate "2018.12.27"]
[EventType "swiss"]
[EventRounds "5"]
[EventCountry "ESP"]
[SourceTitle "EXT 2024"]
[Source "ChessBase"]
[SourceDate "2023.10.10"]
[SourceVersion "1"]
[SourceVersionDate "2023.10.10"]
[SourceQuality "1"]

1. d4 d5 2. c4 e6 3. Nf3 Bb4+ 4. Bd2 Bxd2+ 5. Nbxd2 Nf6 6. g3 0-0 7. Bg2 b6 8. cxd5 exd5 9. 0-0 Ba6 10. Re1 c5 11. Ne5 Bb7 12. Rc1 Qd6 13. Nd3 c4 14. Nf4 Nc6 15. e3 g5 16. Nh5 Nb4 17. Nxc4 dxc4 18. Nxf6+ Qxf6 19. Bxb7 Nd3 20. Rf1 Rab8 21. Rxc4 Nxb2 22. Rc6 Qxc6 23. Bxc6 Nxd1 24. Rxd1 Rbc8 25. d5 Rfd8 26. Rd4 Kg7 27. Kf1 f5 28. Ke2 Kf6 29. Kd3 Ke7 30. Kc4 a6 31. a4 Kd6 32. Kb4 Rc7 33. e4 Ke5 0-1